Who Starred in that Classic Movie Quiz - Statistics

General Stats
  • This quiz has been taken 120 times
    37 since last reset
  • The average score is 27 of 48
Answer Stats
Films Actors / Actresses % Correct
Roman Holiday (πŸ†) | Wait Until Dark | Breakfast at Tiffany's Audrey Hepburn
87%
The African Queen (πŸ†) | Casablanca | The Maltese Falcon Humphrey Bogart
83%
Morning Glory (πŸ†) | Summertime | The Lion in Winter Katharine Hepburn
83%
Rebel Without a Cause | East of Eden | Giant James Dean
80%
On the Waterfront (πŸ†) | Viva Zapata! | Julius Caesar Marlon Brando
80%
Gentlemen Prefer Blondes | The Seven Year Itch | Some Like It Hot Marilyn Monroe
77%
Lilies of the Field (πŸ†) | In the Heat of the Night | To Sir, with Love Sidney Poitier
77%
An American in Paris | Singin' in the Rain | Anchors Aweigh Gene Kelly
73%
The Philadelphia Story (πŸ†) | Rear Window | Vertigo James Stewart
73%
True Grit (πŸ†/❗) | The Searchers | Rio Bravo John Wayne
73%
Bringing Up Baby | An Affair to Remember | Charade Cary Grant
70%
City Lights | Modern Times | The Great Dictator Charlie Chaplin
70%
The Country Girl (πŸ†) | Dial M for Murder | To Catch a Thief Grace Kelly
70%
To Kill a Mockingbird (πŸ†) | Spellbound | The Guns of Navarone Gregory Peck
70%
On Golden Pond (πŸ†/❗) | The Grapes of Wrath | Once Upon a Time in the West Henry Fonda
70%
The Wizard of Oz | Meet Me in St. Louis | A Star Is Born Judy Garland
70%
Who's Afraid of Virginia Woolf? (πŸ†) | Cat on a Hot Tin Roof | Cleopatra Elizabeth Taylor
67%
Jezebel (πŸ†) | All About Eve | What Ever Happened to Baby Jane? Bettes Davis
63%
It Happened One Night (πŸ†) | Mutiny on the Bounty | The Misfits Clark Gable
63%
Lust for Life | Paths of Glory | Spartacus Kirk Douglas
63%
Chimes at Midnight | Citizen Kane | The Third Man Orson Welles
63%
How to Steal a Million | Lawrence of Arabia | Becket Peter O'Toole
63%
Gone with the Wind (πŸ†) | That Hamilton Woman | Waterloo Bridge Vivien Leigh
63%
Elmer Gantry (πŸ†) | From Here to Eternity | Birdman of Alcatraz Burt Lancaster
60%
Mildred Pierce (πŸ†) | Possessed | Sudden Fear Joan Crawford
60%
To Have and Have Not | The Big Sleep | How to Marry a Millionaire Lauren Bacall
60%
Cover Girl | Gilda | The Lady from Shanghai Rita Hayworth
60%
Two Women (πŸ†) | El Cid | Marriage Italian Style Sophia Loren
57%
Top Hat | Swing Time | Easter Parade Fred Astaire
53%
Hamlet (πŸ†) | Wuthering Heights | Rebecca Laurence Olivier
53%
Captains Courageous (πŸ†) | Guess Who's Coming to Dinner | Inherit the Wind Spencer Tracy
53%
Stalag 17 (πŸ†) | The Bridge on the River Kwai | Sabrina William Holden
50%
Sergeant York (πŸ†) | A Farewell to Arms | The Pride of the Yankees Gary Cooper
47%
Anastasia (πŸ†) | For Whom the Bell Tolls | Notorious Ingrid Bergman
47%
Ball of Fire | The Lady Eve | Double Indemnity Barbara Stanwyck
43%
The Trespasser | Queen Kelly | Sunset Boulevard Gloria Swanson
43%
Mata Hari | Camille | Ninotchka Greta Garbo
43%
The King and I | Quo Vadis | The Innocents Deborah Kerr
40%
Yankee Doodle Dandy (πŸ†) | The Public Enemy | Angels with Dirty Faces James Cagney
40%
The Killers | Mogambo | The Barefoot Contessa Ava Gardner
37%
Little Caesar | Key Largo | The Ten Commandments Edward G. Robinson
33%
To Each His Own (πŸ†) | The Adventures of Robin Hood | The Snake Pit Olivia de Havilland
33%
Out of the Past | The Night of the Hunter | The Longest Day Robert Mitchum
33%
My Man Godfrey | Nothing Sacred | Mr. & Mrs. Smith Carole Lombard
30%
Judgment at Nuremberg | Red River | A Place in the Sun Montgomery Clift
30%
Bright Eyes | Fort Apache | The Little Princess Shirley Temple
30%
Mr. Deeds Goes to Town | Mr. Smith Goes to Washington | Shane Jean Arthur
17%
Hell's Angels | Red Dust | Dinner at Eight Jean Harlow
13%
No matching quizzes found
Score Distribution
Percent of People with Each Score
Percentile by Number Answered
Your Score History
You have not taken this quiz since the last reset